[Event "Mindsports Open 5th"]
[Site "London"]
[Date "2025.08.15"]
[Round "4.13"]
[White "Hng, Mei-En Emmanuelle"]
[Black "Li, Wenxiang"]
[Result "1/2-1/2"]
[WhiteElo "2132"]
[BlackElo "2395"]
[PlyCount "122"]
[EventDate "2025.08.13"]
[EventType "swiss"]
[EventRounds "9"]
[EventCountry "ENG"]
[SourceTitle "BritBase"]
[Source "John Saunders"]
[SourceDate "2025.08.18"]
[SourceVersion "1"]
[SourceVersionDate "2025.08.18"]
[SourceQuality "1"]

1. e4 c6 2. d4 d5 3. e5 Bf5 4. h4 h6 5. c4 e6 6. Nc3 dxc4 7. Bxc4 Nd7 8. a3 Nb6 9. Ba2 Ne7 10. Nge2 Qd7 11. Be3 Ned5 12. Ng3 Bh7 13. O-O O-O-O 14. a4 a5 15. Rc1 Be7 16. Nge4 Bxe4 17. Nxe4 f5 18. Nc5 Bxc5 19. Rxc5 g5 20. Rxa5 gxh4 21. Bxd5 Nxd5 22. Ra8+ Kc7 23. Rxd8 Qxd8 24. Qh5 Kb8 25. a5 f4 26. Bd2 Qg5 27. Qf3 Rg8 28. Ra1 h5 29. Ra3 Qf5 30. Qd3 Qg4 31. Qf3 Qg6 32. Ra1 Qc2 33. Bc3 Qf5 34. Kh2 Rg4 35. Rc1 Qf7 36. Bd2 Qd7 37. Rc4 Ne7 38. Bb4 Nf5 39. Bd6+ Nxd6 40. exd6 Qxd6 41. Rc5 Qxd4 42. Rxh5 Qg7 43. a6 e5 44. axb7 Rg6 45. Qe4 Kxb7 46. Rxh4 Rh6 47. Rh3 Rxh3+ 48. gxh3 Qg5 49. b4 Kb6 50. Qd3 Qe7 51. Qe4 Qg5 52. Qd3 Kc7 53. Qh7+ Kd6 54. Qd3+ Ke6 55. Qc4+ Kd7 56. Qd3+ Ke7 57. Qh7+ Kd6 58. Qd3+ Kc7 59. Qh7+ Kb6 60. Qd3 Qe7 61. Qe4 Qg5 1/2-1/2

[Event "Mindsports Open 5th"]
[Site "London"]
[Date "2025.08.15"]
[Round "4.14"]
[White "Sofronie, Iulian"]
[Black "Lilliehook, Victor"]
[Result "1/2-1/2"]
[WhiteElo "2372"]
[BlackElo "2106"]
[PlyCount "79"]
[EventDate "2025.08.13"]
[EventType "swiss"]
[EventRounds "9"]
[EventCountry "ENG"]
[SourceTitle "BritBase"]
[Source "John Saunders"]
[SourceDate "2025.08.18"]
[SourceVersion "1"]
[SourceVersionDate "2025.08.18"]
[SourceQuality "1"]

1. d4 d5 2. Bf4 c5 3. e3 cxd4 4. exd4 Nc6 5. c3 f6 6. Nf3 g5 7. Be3 Bf5 8. Be2 e6 9. O-O Bd6 10. c4 Nge7 11. Nc3 O-O 12. Rc1 Rc8 13. cxd5 exd5 14. a3 a6 15. b4 b5 16. Nd2 a5 17. Qb3 axb4 18. Nxd5 Bxh2+ 19. Kxh2 Qxd5 20. Qxd5+ Nxd5 21. Bxb5 Nce7 22. axb4 Nxb4 23. Rxc8 Rxc8 24. Ra1 Rc7 25. Ra5 Kg7 26. Nc4 Bd3 27. Nd6 Bg6 28. Ra8 Nbd5 29. Rd8 Nc3 30. Bc4 Ne4 31. Nxe4 Bxe4 32. Be6 Bf5 33. Bb3 Rb7 34. Ba4 Ra7 35. Be8 Ra5 36. Rb8 Be4 37. Bd7 Ra7 38. Bb5 Rb7 39. Rxb7 Bxb7 40. Bd2 1/2-1/2

[Event "Mindsports Open 5th"]
[Site "London"]
[Date "2025.08.15"]
[Round "4.15"]
[White "Lebedev, Lion"]
[Black "Hobson, Kenneth"]
[Result "0-1"]
[WhiteElo "2048"]
[BlackElo "2361"]
[PlyCount "66"]
[EventDate "2025.08.13"]
[EventType "swiss"]
[EventRounds "9"]
[EventCountry "ENG"]
[SourceTitle "BritBase"]
[Source "John Saunders"]
[SourceDate "2025.08.18"]
[SourceVersion "1"]
[SourceVersionDate "2025.08.18"]
[SourceQuality "1"]

1. e4 e5 2. Nf3 Nc6 3. Bb5 a6 4. Bxc6 dxc6 5. O-O Qf6 6. d3 Ne7 7. Bg5 Qe6 8. Nc3 f6 9. Be3 Ng6 10. d4 Bd6 11. Qd2 O-O 12. h3 Qf7 13. Rad1 Ne7 14. a3 Qg6 15. Kh1 Qh5 16. Ng1 Be6 17. Qe2 Qf7 18. Rfe1 Rae8 19. Nf3 Ng6 20. Qd2 h6 21. Kg1 Qd7 22. d5 cxd5 23. Nxd5 Bxh3 24. gxh3 Qxh3 25. Nh2 f5 26. f3 Nh4 27. Rf1 f4 28. Bxf4 exf4 29. Kh1 Re5 30. Qe2 Rg5 31. Rf2 Bc5 32. Qc4 Kh7 33. Qxc5 Rg2 0-1

[Event "Mindsports Open 5th"]
[Site "London"]
[Date "2025.08.15"]
[Round "4.16"]
[White "Safar, Sandro"]
[Black "Zakarian, Dimitrios Levon"]
[Result "1-0"]
[WhiteElo "2354"]
[BlackElo "2079"]
[PlyCount "85"]
[EventDate "2025.08.13"]
[EventType "swiss"]
[EventRounds "9"]
[EventCountry "ENG"]
[SourceTitle "BritBase"]
[Source "John Saunders"]
[SourceDate "2025.08.18"]
[SourceVersion "1"]
[SourceVersionDate "2025.08.18"]
[SourceQuality "1"]

1. e4 c5 2. Nc3 e6 3. g3 d5 4. d3 Nc6 5. Bg2 Nge7 6. f4 g6 7. Nf3 Bg7 8. O-O h5 9. h3 a6 10. a4 Bd7 11. Bd2 Nd4 12. Ne5 Bc6 13. Ne2 Qb6 14. Bc3 Rd8 15. a5 Qa7 16. Nxd4 cxd4 17. Bb4 h4 18. g4 dxe4 19. Bxe7 Kxe7 20. Nxc6+ bxc6 21. Bxe4 Qc7 22. Kh1 f5 23. Bg2 Kf7 24. Qf3 Rd5 25. b3 fxg4 26. Qxg4 Rxa5 27. Be4 Rh6 28. Rxa5 Qxa5 29. f5 exf5 30. Bxf5 Bf6 31. Qf4 Kg7 32. Be4 Qe5 33. Qg4 Qd6 34. Ra1 c5 35. Rg1 Bd8 36. Rg2 Bc7 37. Rf2 Bd8 38. Rg2 Bc7 39. Rf2 Bd8 40. Qc8 Bc7 41. Qe8 Rh7 42. Bxg6 Qxg6 43. Qf8# 1-0

[Event "Mindsports Open 5th"]
[Site "London"]
[Date "2025.08.15"]
[Round "4.17"]
[White "Radeva, Viktoria"]
[Black "Ravi, Krishna G"]
[Result "1-0"]
[WhiteElo "2317"]
[BlackElo "2074"]
[PlyCount "45"]
[EventDate "2025.08.13"]
[EventType "swiss"]
[EventRounds "9"]
[EventCountry "ENG"]
[SourceTitle "BritBase"]
[Source "John Saunders"]
[SourceDate "2025.08.18"]
[SourceVersion "1"]
[SourceVersionDate "2025.08.18"]
[SourceQuality "1"]

1. e4 c5 2. Nf3 e6 3. d4 cxd4 4. Nxd4 Nf6 5. Bd3 Nc6 6. Nxc6 bxc6 7. Bf4 d5 8. Nd2 Be7 9. O-O O-O 10. e5 Nd7 11. Re1 Nc5 12. Bxh7+ Kxh7 13. Qh5+ Kg8 14. Re3 f6 15. Rh3 Ne4 16. Nxe4 dxe4 17. Rd1 Qxd1+ 18. Qxd1 Rd8 19. Qh5 f5 20. Rg3 Bf8 21. h4 Rb8 22. Bg5 Rd7 23. Qe8 1-0

[Event "Mindsports Open 5th"]
[Site "London"]
[Date "2025.08.15"]
[Round "4.18"]
[White "Bracker, Frank"]
[Black "Lochte, Thomas"]
[Result "1-0"]
[WhiteElo "2301"]
[BlackElo "2023"]
[PlyCount "67"]
[EventDate "2025.08.13"]
[EventType "swiss"]
[EventRounds "9"]
[EventCountry "ENG"]
[SourceTitle "BritBase"]
[Source "John Saunders"]
[SourceDate "2025.08.18"]
[SourceVersion "1"]
[SourceVersionDate "2025.08.18"]
[SourceQuality "1"]

1. e4 e5 2. Nf3 Nc6 3. Bc4 Bc5 4. c3 Nf6 5. d3 a5 6. O-O d6 7. Bg5 h6 8. Bh4 g5 9. Bg3 Bg4 10. h3 Bh5 11. Nbd2 Rg8 12. Re1 Qd7 13. d4 Bb6 14. Bb5 g4 15. hxg4 Qxg4 16. Qa4 Qd7 17. Kf1 Rxg3 18. fxg3 O-O-O 19. Bxc6 bxc6 20. b4 Qg4 21. bxa5 Ba7 22. Qxc6 Qxg3 23. Qa6+ Kd7 24. Qxa7 Ng4 25. dxe5 Rg8 26. Qg1 dxe5 27. a6 Rg6 28. a7 Rf6 29. a8=Q Nh2+ 30. Ke2 Nxf3 31. Nxf3 Bxf3+ 32. gxf3 Qxf3+ 33. Kd2 Rd6+ 34. Qd5 1-0

[Event "Mindsports Open 5th"]
[Site "London"]
[Date "2025.08.15"]
[Round "4.19"]
[White "Pal, Rohan"]
[Black "Li, Harry"]
[Result "1-0"]
[WhiteElo "1909"]
[BlackElo "2242"]
[PlyCount "93"]
[EventDate "2025.08.13"]
[EventType "swiss"]
[EventRounds "9"]
[EventCountry "ENG"]
[SourceTitle "BritBase"]
[Source "John Saunders"]
[SourceDate "2025.08.18"]
[SourceVersion "1"]
[SourceVersionDate "2025.08.18"]
[SourceQuality "1"]

1. d4 d5 2. c4 e6 3. Nf3 Nf6 4. Nc3 Nbd7 5. cxd5 exd5 6. Bf4 Bb4 7. e3 Ne4 8. Qc2 g5 9. Be5 f6 10. Bg3 c6 11. Bd3 Qe7 12. O-O f5 13. Rac1 O-O 14. a3 Bxc3 15. bxc3 Ndf6 16. c4 Be6 17. Be5 Nd7 18. Bg3 Ndf6 19. Be5 h5 20. cxd5 Bxd5 21. Bxf6 Rxf6 22. Ne5 Qxa3 23. f3 Nd6 24. Ra1 Qb3 25. Qd2 Bf7 26. e4 f4 27. Nd7 Rh6 28. d5 cxd5 29. Rfb1 Nc4 30. Rxb3 Nxd2 31. Rxb7 dxe4 32. fxe4 Re6 33. Rd1 Nxe4 34. Bxe4 Kg7 35. Nc5 Re5 36. Rdd7 Rf8 37. Bd5 Kh6 38. Rd6+ Bg6 39. Be4 Rg8 40. Rxa7 Rxc5 41. Raa6 h4 42. Bxg6 Rb8 43. Be4+ Kg7 44. Rd7+ Kg8 45. Rg6+ Kf8 46. Rh6 Ke8 47. Ra7 1-0

[Event "Mindsports Open 5th"]
[Site "London"]
[Date "2025.08.15"]
[Round "4.20"]
[White "Badacsonyi, Frankie"]
[Black "Terler, Bohdan"]
[Result "1/2-1/2"]
[WhiteElo "2193"]
[BlackElo "1974"]
[PlyCount "65"]
[EventDate "2025.08.13"]
[EventType "swiss"]
[EventRounds "9"]
[EventCountry "ENG"]
[SourceTitle "BritBase"]
[Source "John Saunders"]
[SourceDate "2025.08.18"]
[SourceVersion "1"]
[SourceVersionDate "2025.08.18"]
[SourceQuality "1"]

1. c4 e6 2. g3 d5 3. Bg2 Nf6 4. Nf3 dxc4 5. Qa4+ Bd7 6. Qxc4 c5 7. Ne5 Nc6 8. Nxc6 Bxc6 9. Bxc6+ bxc6 10. Nc3 Rb8 11. Qa4 Qd7 12. a3 h5 13. h4 Be7 14. d3 O-O 15. O-O e5 16. Kg2 Nd5 17. Rd1 f5 18. Nxd5 Qxd5+ 19. e4 fxe4 20. Qxe4 Rfd8 21. Re1 Rb3 22. Kg1 Bf6 23. Qf5 Rxd3 24. Qxh5 e4 25. Qg4 Rd1 26. Bg5 Rxa1 27. Rxa1 Bxg5 28. Qxg5 Qxg5 29. hxg5 c4 30. Rc1 Rd4 31. Kf1 Kf7 32. Ke2 Ke6 33. g6 1/2-1/2

[Event "Mindsports Open 5th"]
[Site "London"]
[Date "2025.08.15"]
[Round "4.21"]
[White "Pereslavtsev, Alexandr"]
[Black "Storme, Isak"]
[Result "0-1"]
[WhiteElo "2079"]
[BlackElo "2452"]
[PlyCount "86"]
[EventDate "2025.08.13"]
[EventType "swiss"]
[EventRounds "9"]
[EventCountry "ENG"]
[SourceTitle "BritBase"]
[Source "John Saunders"]
[SourceDate "2025.08.18"]
[SourceVersion "1"]
[SourceVersionDate "2025.08.18"]
[SourceQuality "1"]

1. d4 d5 2. c4 e6 3. Nc3 Nf6 4. cxd5 exd5 5. Bg5 c6 6. e3 Bf5 7. Nge2 Nbd7 8. Ng3 Bg6 9. h4 h6 10. Bf4 Bb4 11. h5 Bh7 12. Bd3 Bxd3 13. Qxd3 Nf8 14. Nf5 Ne6 15. Be5 O-O 16. f3 Re8 17. Kf2 Bf8 18. Rag1 a5 19. g4 Ng5 20. f4 Nge4+ 21. Kf1 Qd7 22. Bxf6 Nxf6 23. g5 Ne4 24. Ng3 hxg5 25. fxg5 a4 26. h6 a3 27. b3 Bd6 28. Ncxe4 dxe4 29. Qe2 g6 30. Rh4 Ra5 31. Qf2 Kh7 32. Ke2 Bxg3 33. Rxg3 Rf5 34. Rf4 c5 35. Rxf5 gxf5 36. Qf4 cxd4 37. exd4 Qb5+ 38. Kf2 Rc8 39. Qd6 Rc2+ 40. Kg1 Rc1+ 41. Kh2 Qe2+ 42. Rg2 Qh5+ 43. Kg3 Qg4+ 0-1

[Event "Mindsports Open 5th"]
[Site "London"]
[Date "2025.08.15"]
[Round "4.22"]
[White "Allorant, Adrien"]
[Black "Sofronie, Vladimir"]
[Result "1-0"]
[WhiteElo "2042"]
[BlackElo "2313"]
[PlyCount "51"]
[EventDate "2025.08.13"]
[EventType "swiss"]
[EventRounds "9"]
[EventCountry "ENG"]
[SourceTitle "BritBase"]
[Source "John Saunders"]
[SourceDate "2025.08.18"]
[SourceVersion "1"]
[SourceVersionDate "2025.08.18"]
[SourceQuality "1"]

1. e4 c5 2. Nf3 Nc6 3. Bb5 g6 4. O-O Bg7 5. c3 e5 6. d4 cxd4 7. cxd4 exd4 8. Bf4 a6 9. Bc4 d6 10. Nbd2 Nge7 11. Qb3 Na5 12. Qa3 b5 13. Bd5 Nxd5 14. exd5 O-O 15. Bxd6 Re8 16. Rae1 Nc4 17. Nxc4 bxc4 18. Bc7 Qd7 19. Rxe8+ Qxe8 20. Re1 Qb5 21. Qe7 Bf5 22. d6 d3 23. Bd8 Bf8 24. Qf6 Qd5 25. Re8 Rxd8 26. Rxd8 1-0

[Event "Mindsports Open 5th"]
[Site "London"]
[Date "2025.08.15"]
[Round "4.23"]
[White "Mesropyan, Hayk"]
[Black "Fitzsimons, David"]
[Result "1/2-1/2"]
[WhiteElo "1972"]
[BlackElo "2308"]
[PlyCount "126"]
[EventDate "2025.08.13"]
[EventType "swiss"]
[EventRounds "9"]
[EventCountry "ENG"]
[SourceTitle "BritBase"]
[Source "John Saunders"]
[SourceDate "2025.08.18"]
[SourceVersion "1"]
[SourceVersionDate "2025.08.18"]
[SourceQuality "1"]

1. e4 e6 2. d4 d5 3. Nc3 Nf6 4. e5 Nfd7 5. f4 c5 6. Nf3 Nc6 7. Be3 a6 8. dxc5 Bxc5 9. Qd2 b5 10. f5 Bxe3 11. Qxe3 d4 12. Qe4 dxc3 13. Qxc6 cxb2 14. Rb1 Rb8 15. fxe6 fxe6 16. Qxe6+ Qe7 17. Qxe7+ Kxe7 18. Bd3 Bb7 19. O-O Rhf8 20. Rxb2 Bxf3 21. Rxf3 Rxf3 22. gxf3 Nxe5 23. Bxh7 Nxf3+ 24. Kg2 Ne5 25. Be4 Kd6 26. Rb3 Kc5 27. Rg3 Kd4 28. Bf5 Rf8 29. c3+ Kc5 30. Bc2 Rd8 31. Bb3 Rd2+ 32. Kh3 g6 33. Rg2 Rd8 34. Rg5 Kd6 35. c4 bxc4 36. Bxc4 Nxc4 37. Rxg6+ Ke5 38. Rxa6 Rg8 39. Ra4 Ne3 40. Rb4 Kf5 41. a4 Ng2 42. Rb5+ Ke4 43. a5 Kf3 44. Rb3+ Ne3 45. Kh4 Kf4 46. Rb4+ Ke5 47. a6 Ng2+ 48. Kh3 Nf4+ 49. Kh4 Ra8 50. Kg4 Nd5 51. Ra4 Ra7 52. Ra5 Ke6 53. Kg5 Nb4 54. Kg6 Nd3 55. Ra2 Ne5+ 56. Kg5 Rg7+ 57. Kh6 Ra7 58. Kg5 Kd5 59. Ra5+ Kd4 60. h4 Nf3+ 61. Kf6 Nxh4 62. Ra4+ Kc5 63. Rxh4 Rxa6+ 1/2-1/2

[Event "Mindsports Open 5th"]
[Site "London"]
[Date "2025.08.15"]
[Round "4.24"]
[White "Kiremitciyan, Ari"]
[Black "Hng, Mei-Xian Eunice"]
[Result "1-0"]
[WhiteElo "2271"]
[BlackElo "2052"]
[PlyCount "59"]
[EventDate "2025.08.13"]
[EventType "swiss"]
[EventRounds "9"]
[EventCountry "ENG"]
[SourceTitle "BritBase"]
[Source "John Saunders"]
[SourceDate "2025.08.18"]
[SourceVersion "1"]
[SourceVersionDate "2025.08.18"]
[SourceQuality "1"]

1. e4 c5 2. Nf3 e6 3. d4 cxd4 4. Nxd4 a6 5. Bd3 Bc5 6. Nb3 Ba7 7. Nc3 d6 8. Qf3 Nf6 9. Be3 Nc6 10. O-O-O Bxe3+ 11. Qxe3 O-O 12. f4 Qc7 13. g4 b5 14. g5 Nd7 15. h4 Nb4 16. a3 Nxd3+ 17. Qxd3 d5 18. exd5 Qxf4+ 19. Kb1 Ne5 20. Qe2 Nc4 21. Rd3 Bb7 22. Rf1 Qxh4 23. dxe6 Qxg5 24. Rxf7 Rxf7 25. exf7+ Kf8 26. Rd7 Bc6 27. Rc7 Ne5 28. Qf2 Ng4 29. Qc5+ Qxc5 30. Nxc5 1-0

[Event "Mindsports Open 5th"]
[Site "London"]
[Date "2025.08.15"]
[Round "4.25"]
[White "Deepak Ambattu, Rithvik"]
[Black "Bonn, Thomas"]
[Result "1/2-1/2"]
[WhiteElo "1990"]
[BlackElo "2173"]
[PlyCount "72"]
[EventDate "2025.08.13"]
[EventType "swiss"]
[EventRounds "9"]
[EventCountry "ENG"]
[SourceTitle "BritBase"]
[Source "John Saunders"]
[SourceDate "2025.08.18"]
[SourceVersion "1"]
[SourceVersionDate "2025.08.18"]
[SourceQuality "1"]

1. e4 c5 2. Nf3 Nc6 3. d4 cxd4 4. Nxd4 g6 5. c4 Nf6 6. Nc3 Nxd4 7. Qxd4 d6 8. Be3 Bg7 9. f3 O-O 10. Qd2 a5 11. Be2 a4 12. O-O Qa5 13. Rfd1 Be6 14. Rac1 Rfc8 15. Nd5 Qxd2 16. Rxd2 Bxd5 17. exd5 Nd7 18. Rdc2 Nc5 19. Kf2 Ra6 20. Bd2 Rb6 21. Rb1 Bd4+ 22. Be3 Bxe3+ 23. Kxe3 Na6 24. Kd2 a3 25. Kc1 axb2+ 26. Rcxb2 Rxb2 27. Rxb2 Nc5 28. Kd2 Ra8 29. Bd1 Kg7 30. Bb3 Kf6 31. Kc3 h5 32. Re2 h4 33. f4 Rg8 34. Bc2 Ra8 35. Bb3 Rh8 36. Bc2 Ra8 1/2-1/2

[Event "Mindsports Open 5th"]
[Site "London"]
[Date "2025.08.15"]
[Round "4.26"]
[White "Dignam, Matthew"]
[Black "Larchikov, Maksym"]
[Result "1-0"]
[WhiteElo "2164"]
[BlackElo "2037"]
[PlyCount "47"]
[EventDate "2025.08.13"]
[EventType "swiss"]
[EventRounds "9"]
[EventCountry "ENG"]
[SourceTitle "BritBase"]
[Source "John Saunders"]
[SourceDate "2025.08.18"]
[SourceVersion "1"]
[SourceVersionDate "2025.08.18"]
[SourceQuality "1"]

1. e4 c6 2. d4 d5 3. e5 Bf5 4. h4 h5 5. Bg5 Qb6 6. Bd3 Bxd3 7. Qxd3 e6 8. Nd2 Nh6 9. Ne2 Qa6 10. c4 Nd7 11. O-O Bb4 12. b3 Nf5 13. Ng3 g6 14. Nxf5 gxf5 15. Rfc1 dxc4 16. bxc4 Nb6 17. Rab1 Be7 18. Bxe7 Kxe7 19. Rc3 Na4 20. Ra3 b5 21. cxb5 cxb5 22. Rxb5 Rhb8 23. Rxb8 Qxd3 24. Rb7+ 1-0

[Event "Mindsports Open 5th"]
[Site "London"]
[Date "2025.08.15"]
[Round "4.27"]
[White "Oleszczuk, Artur"]
[Black "Dasgupta, Avyukt"]
[Result "0-1"]
[WhiteElo "1868"]
[BlackElo "2158"]
[PlyCount "54"]
[EventDate "2025.08.13"]
[EventType "swiss"]
[EventRounds "9"]
[EventCountry "ENG"]
[SourceTitle "BritBase"]
[Source "John Saunders"]
[SourceDate "2025.08.18"]
[SourceVersion "1"]
[SourceVersionDate "2025.08.18"]
[SourceQuality "1"]

1. e4 c5 2. d4 cxd4 3. c3 dxc3 4. Nxc3 Nc6 5. Nf3 e6 6. Bc4 Bb4 7. O-O Nge7 8. Nb5 d5 9. exd5 exd5 10. Bd3 a6 11. Nbd4 h6 12. a3 Bd6 13. Re1 Nxd4 14. Nxd4 Qc7 15. g3 O-O 16. Qh5 f5 17. Bxh6 gxh6 18. Rac1 Qb6 19. Qxh6 Qxd4 20. Qxd6 Nc6 21. Rxc6 bxc6 22. Re5 Ra7 23. Bxa6 Bxa6 24. Qe6+ Raf7 25. Rxf5 Qd1+ 26. Kg2 Bf1+ 27. Kg1 Bh3+ 0-1

[Event "Mindsports Open 5th"]
[Site "London"]
[Date "2025.08.15"]
[Round "4.28"]
[White "Hoffman, Luc"]
[Black "Bansal, Saahil"]
[Result "1-0"]
[WhiteElo "2123"]
[BlackElo "1979"]
[PlyCount "71"]
[EventDate "2025.08.13"]
[EventType "swiss"]
[EventRounds "9"]
[EventCountry "ENG"]
[SourceTitle "BritBase"]
[Source "John Saunders"]
[SourceDate "2025.08.18"]
[SourceVersion "1"]
[SourceVersionDate "2025.08.18"]
[SourceQuality "1"]

1. e4 c6 2. d4 d5 3. e5 e6 4. Nf3 c5 5. c4 cxd4 6. cxd5 Qa5+ 7. Nbd2 Qxd5 8. Bc4 Qd8 9. O-O Nc6 10. Ne4 Be7 11. Qe2 f6 12. exf6 Nxf6 13. Neg5 Qd6 14. Re1 h6 15. Ne4 Qd8 16. Nxf6+ Bxf6 17. Bxe6 d3 18. Qe4 Bxe6 19. Qxe6+ Kf8 20. Bf4 g5 21. Ne5 Bxe5 22. Bxe5 Nxe5 23. Rxe5 Kg7 24. Rd5 Qf6 25. Rd7+ Kg6 26. Qe4+ Kh5 27. g4+ Kh4 28. Qg2 Qf4 29. Rd4 Rad8 30. Rxf4 gxf4 31. Qf3 d2 32. Rd1 Rd4 33. Kg2 h5 34. Qxb7 f3+ 35. Qxf3 Rxg4+ 36. Kf1 1-0

[Event "Mindsports Open 5th"]
[Site "London"]
[Date "2025.08.15"]
[Round "4.29"]
[White "Kolani, Arjun"]
[Black "Steiners, Emils"]
[Result "1-0"]
[WhiteElo "2118"]
[BlackElo "1933"]
[PlyCount "81"]
[EventDate "2025.08.13"]
[EventType "swiss"]
[EventRounds "9"]
[EventCountry "ENG"]
[SourceTitle "BritBase"]
[Source "John Saunders"]
[SourceDate "2025.08.18"]
[SourceVersion "1"]
[SourceVersionDate "2025.08.18"]
[SourceQuality "1"]

1. e4 c5 2. Nf3 Nc6 3. d4 cxd4 4. Nxd4 Nf6 5. Nc3 e5 6. Ndb5 d6 7. Bg5 a6 8. Na3 b5 9. Nd5 Be7 10. Bxf6 Bxf6 11. c3 O-O 12. Nc2 Rb8 13. Be2 Bg5 14. O-O Be6 15. Qd3 f5 16. Bf3 f4 17. Rfd1 Qc8 18. Ncb4 a5 19. Nxc6 Qxc6 20. b4 a4 21. Rac1 Rbc8 22. Rc2 Bxd5 23. Qxd5+ Qxd5 24. Rxd5 Rc6 25. Bg4 Rb8 26. h3 a3 27. Bd7 Rcb6 28. c4 bxc4 29. b5 Rd8 30. Bc6 Be7 31. Rxc4 Rc8 32. Rxe5 Kf8 33. Rf5+ Bf6 34. Rxf4 Ke7 35. Rf3 Bb2 36. Rd3 Rf8 37. g3 g5 38. Ra4 h5 39. Ra7+ Ke6 40. Rh7 Rh8 41. Bd7+ 1-0

[Event "Mindsports Open 5th"]
[Site "London"]
[Date "2025.08.15"]
[Round "4.30"]
[White "Adams, Henry"]
[Black "Richards, Alexander"]
[Result "1-0"]
[WhiteElo "2114"]
[BlackElo "1860"]
[PlyCount "79"]
[EventDate "2025.08.13"]
[EventType "swiss"]
[EventRounds "9"]
[EventCountry "ENG"]
[SourceTitle "BritBase"]
[Source "John Saunders"]
[SourceDate "2025.08.18"]
[SourceVersion "1"]
[SourceVersionDate "2025.08.18"]
[SourceQuality "1"]

1. d4 Nf6 2. c4 c6 3. Nf3 d5 4. g3 g6 5. Bg2 Bg7 6. O-O O-O 7. Nc3 Nbd7 8. cxd5 cxd5 9. Qb3 e6 10. Bf4 a6 11. Rfc1 Nh5 12. Bd6 Re8 13. e4 Nb8 14. Bc5 Nf6 15. Bb6 Qe7 16. exd5 Nxd5 17. Nxd5 exd5 18. Qxd5 Be6 19. Qe4 Qb4 20. Bc5 Qxb2 21. Rab1 Qxa2 22. Ng5 Nd7 23. Rxb7 h6 24. Nxe6 Nxc5 25. dxc5 Rxe6 26. Qd5 Qa3 27. Rcb1 Rae8 28. Rb8 Qa5 29. h4 Re1+ 30. Kh2 R1e5 31. Qxe5 Bxe5 32. Rxe8+ Kg7 33. Rxe5 Qc3 34. Rd5 a5 35. Rb7 a4 36. Rdd7 g5 37. Rxf7+ Kg6 38. Be4+ Kh5 39. Rb6 Qd2 40. Bf3+ 1-0

[Event "Mindsports Open 5th"]
[Site "London"]
[Date "2025.08.15"]
[Round "4.31"]
[White "Pichugov, Andrey"]
[Black "Kalavannan, Koby"]
[Result "1-0"]
[WhiteElo "1968"]
[BlackElo "2323"]
[PlyCount "95"]
[EventDate "2025.08.13"]
[EventType "swiss"]
[EventRounds "9"]
[EventCountry "ENG"]
[SourceTitle "BritBase"]
[Source "John Saunders"]
[SourceDate "2025.08.18"]
[SourceVersion "1"]
[SourceVersionDate "2025.08.18"]
[SourceQuality "1"]

1. d4 c5 2. d5 Nf6 3. Nc3 g6 4. e4 d6 5. a4 Bg7 6. Nge2 O-O 7. Nf4 e5 8. dxe6 fxe6 9. Be2 Nc6 10. Be3 Nd4 11. O-O Ne8 12. Bc4 Kh8 13. Nfe2 Qf6 14. Qd2 Bd7 15. Rad1 Rc8 16. Ba2 Nxe2+ 17. Qxe2 Qh4 18. g3 Qe7 19. Qd2 a6 20. Bf4 Rc6 21. Bc4 Bd4 22. Bh6 Ng7 23. Bg5 Qf7 24. Be3 Qf3 25. Qe2 Qxe2 26. Bxe2 Bxe3 27. fxe3 Kg8 28. e5 Rxf1+ 29. Bxf1 d5 30. Ne4 Rc7 31. Nf6+ Kf7 32. e4 d4 33. b3 h5 34. c3 dxc3 35. Nxd7 c2 36. Rc1 Rxd7 37. Rxc2 Ne8 38. Rxc5 Ke7 39. b4 Rd4 40. Rc4 Rd2 41. b5 a5 42. b6 Rb2 43. Rc8 Rxb6 44. Bb5 Ng7 45. h4 Kf7 46. Kf2 g5 47. Ke3 gxh4 48. gxh4 1-0

[Event "Mindsports Open 5th"]
[Site "London"]
[Date "2025.08.15"]
[Round "4.32"]
[White "Collins, Adam"]
[Black "Vashisht-Pigem, Raman"]
[Result "1-0"]
[WhiteElo "2221"]
[BlackElo "1981"]
[PlyCount "83"]
[EventDate "2025.08.13"]
[EventType "swiss"]
[EventRounds "9"]
[EventCountry "ENG"]
[SourceTitle "BritBase"]
[Source "John Saunders"]
[SourceDate "2025.08.18"]
[SourceVersion "1"]
[SourceVersionDate "2025.08.18"]
[SourceQuality "1"]

1. e4 e5 2. Nf3 Nc6 3. Bb5 a6 4. Ba4 Bc5 5. c3 Nge7 6. d4 exd4 7. cxd4 Bb4+ 8. Bd2 Bxd2+ 9. Qxd2 d5 10. exd5 Qxd5 11. O-O O-O 12. Nc3 Qd6 13. d5 b5 14. Bd1 Na5 15. Ne4 Qb6 16. Re1 Nc4 17. Qg5 Ng6 18. h4 Nxb2 19. h5 h6 20. Qg3 Ne7 21. Bc2 Nf5 22. Qf4 Nc4 23. g4 Nd4 24. Nxd4 Qxd4 25. g5 hxg5 26. Qxg5 Qe5 27. Qh4 f5 28. Ng5 Qf6 29. Qf4 Nd6 30. Rac1 Bd7 31. Bb3 Rac8 32. Re3 Qh6 33. Re7 Rfd8 34. Ne6 Qxf4 35. Nxf4 a5 36. Kh2 a4 37. Rg1 Ne8 38. h6 Kf8 39. h7 Kxe7 40. h8=Q axb3 41. Re1+ Kd6 42. Qf8# 1-0

[Event "Mindsports Open 5th"]
[Site "London"]
[Date "2025.08.15"]
[Round "4.33"]
[White "Willmoth, Robert F"]
[Black "Hafstad, Leif"]
[Result "0-1"]
[WhiteElo "2150"]
[BlackElo "1969"]
[PlyCount "122"]
[EventDate "2025.08.13"]
[EventType "swiss"]
[EventRounds "9"]
[EventCountry "ENG"]
[SourceTitle "BritBase"]
[Source "John Saunders"]
[SourceDate "2025.08.18"]
[SourceVersion "1"]
[SourceVersionDate "2025.08.18"]
[SourceQuality "1"]

1. d4 Nf6 2. c4 e6 3. g3 Bb4+ 4. Bd2 a5 5. Bg2 d6 6. e4 Nbd7 7. Ne2 e5 8. O-O O-O 9. Nbc3 exd4 10. Nxd4 Ne5 11. b3 Bc5 12. Nce2 Bd7 13. h3 a4 14. Qc2 axb3 15. axb3 Qe7 16. Bc3 Rfe8 17. Kh2 Rxa1 18. Rxa1 Nc6 19. Nxc6 Bxc6 20. f3 Bd7 21. Qb2 b5 22. Nf4 bxc4 23. bxc4 Be6 24. Bf1 Rd8 25. Nd5 Bxd5 26. cxd5 Nh5 27. Qd2 h6 28. g4 Nf6 29. Qb2 Ne8 30. Kg3 Be3 31. Bd4 Qg5 32. Bxe3 Qxe3 33. Qe2 Qc3 34. Ra2 Rb8 35. Rc2 Qe5+ 36. Kg2 h5 37. Qe3 g5 38. gxh5 Nf6 39. h4 gxh4 40. f4 Qxe4+ 41. Qxe4 Nxe4 42. Kh3 Ng3 43. Bg2 Nxh5 44. Kg4 Nf6+ 45. Kxh4 Rb5 46. Rxc7 Nxd5 47. Rc8+ Kg7 48. Kg3 Rb3+ 49. Kg4 Ne3+ 50. Kf3 Nxg2+ 51. Kxg2 Kf6 52. Rc7 Ke6 53. Kf2 f5 54. Rh7 Kd5 55. Re7 Rh3 56. Ke2 Ra3 57. Kf2 Rd3 58. Ke2 Rd4 59. Ke3 Rd1 60. Ke2 Rh1 61. Kd3 Rf1 0-1